000 00337nam a2200121Ia 4500
008 210428s9999 xx 000 0 und d
020 _a084932226X (hardcover) | 97808
082 _a660.03 C743 C
245 0 _aConcise polymeric materials encyclopedia /
260 _bCRC Press,
_aUSA :
_c1999
300 _a1706 p. ;29 cm.
942 _cBK
999 _c560043
_d560043